| 000 | 00573nam a2200205 a 4500 | ||
|---|---|---|---|
| 005 | 20240910064251.0 | ||
| 008 | 991125s1979 mx 000 0 spa u | ||
| 020 | _a9682601193 | ||
| 035 | _aUPN01000004141 | ||
| 049 | _aCG | ||
| 050 | 4 |
_aBF319.5 R4 _bS8.28 |
|
| 100 | 1 | _aWalker, Stephen | |
| 245 | 1 | 0 |
_aAprendizaje y refuerzo / _cStephen Walker ; tr. Roberto Carrasco Ruiz. |
| 260 |
_aMéxico : _bCECSA, _c1979. |
||
| 300 |
_a149 p. : _bil. |
||
| 440 | 0 | _aPsicología básica | |
| 650 | 4 |
_aAprendizaje _92861 |
|
| 650 | 4 |
_aREFLEJOS CONDICIONADOS _925531 |
|
| 905 | _aLibro | ||
| 999 |
_c4141 _d4141 |
||